Statistiche per Elenca la formazione - Quiz n°300

Clicka qui per fare il quiz!

Statistiche generali

  • Questo quiz è stato fatto 7 volte
  • Il punteggio medio è 9 su 11

Statistiche sulle risposte

RuoloClub dell'epocaCalciatore% Corretto
DifensoreAtalantaCristian Romero
100%
PortiereAston VillaEmiliano Martínez
100%
AttaccanteInterLautaro Martínez
100%
CentrocampistaParis Saint-GermainÁngel Di María
86%
AttaccanteBarcellonaLionel Messi
86%
DifensoreBenficaNicolás Otamendi
86%
CentrocampistaUdineseRodrigo de Paul
86%
CentrocampistaTottenhamGiovani Lo Celso
71%
CentrocampistaParis Saint-GermainLeandro Paredes
71%
DifensoreRiver PlateGonzalo Montiel
57%
DifensoreSivigliaMarcos Acuña
57%

Distribuzione punteggi

Percentile per numero di risposta

Percentuale di utenti per punteggio

I tuoi punteggi nel tempo

Non hai fatto questo quiz